ARRUPE JESUIT UNIVERSITY

CORONAVIRUS -STOP THE SPREAD - CLEAN,DISINFECT,COVER

Charlemagne / (Record no. 118188)

MARC details
000 -LEADER
fixed length control field 01549cam a2200361 a 4500
001 - CONTROL NUMBER
control field 13964436
003 - CONTROL NUMBER IDENTIFIER
control field ARRUPE
005 - DATE AND TIME OF LATEST TRANSACTION
control field 20131001140559.0
008 - FIXED-LENGTH DATA ELEMENTS--GENERAL INFORMATION
fixed length control field 050513s2006 nyuab b 001 0beng
010 ## - LIBRARY OF CONGRESS CONTROL NUMBER
LC control number 2005048483
020 ## - INTERNATIONAL STANDARD BOOK NUMBER
International Standard Book Number 0385516703
040 ## - CATALOGING SOURCE
Original cataloging agency DLC
Transcribing agency DLC
Modifying agency DLC
042 ## - AUTHENTICATION CODE
Authentication code pcc
043 ## - GEOGRAPHIC AREA CODE
Geographic area code e-fr---
-- e------
050 00 - LIBRARY OF CONGRESS CALL NUMBER
Classification number DC73
Item number .W48 2006
082 00 - DEWEY DECIMAL CLASSIFICATION NUMBER
Classification number 944/.014/092
-- B
Edition number 22
300 ## - PHYSICAL DESCRIPTION
Other physical details ill., maps ;
Dimensions 25 cm.
100 1# - MAIN ENTRY--PERSONAL NAME
Personal name Wilson, Derek,
Dates associated with a name 1935-
9 (RLIN) 1860
245 10 - TITLE STATEMENT
Title Charlemagne /
Statement of responsibility, etc Derek Wilson.
260 ## - PUBLICATION, DISTRIBUTION, ETC. (IMPRINT)
Place of publication, distribution, etc New York :
Name of publisher, distributor, etc Doubleday :
Date of publication, distribution, etc c2006.
300 ## - PHYSICAL DESCRIPTION
Extent xxv, 226 p. :
504 ## - BIBLIOGRAPHY, ETC. NOTE
Bibliography, etc Includes bibliographical references (p. 211-216) and index.
600 00 - SUBJECT ADDED ENTRY--PERSONAL NAME
Personal name Charlemagne,
Titles and other words associated with a name Emperor,
Dates associated with a name 742-814.
9 (RLIN) 1861
651 #0 - SUBJECT ADDED ENTRY--GEOGRAPHIC NAME
Geographic name France
General subdivision Kings and rulers
Form subdivision Biography.
9 (RLIN) 1862
651 #0 - SUBJECT ADDED ENTRY--GEOGRAPHIC NAME
Geographic name Holy Roman Empire
General subdivision Kings and rulers
Form subdivision Biography.
9 (RLIN) 1863
651 #0 - SUBJECT ADDED ENTRY--GEOGRAPHIC NAME
Geographic name France
General subdivision History
Chronological subdivision To 987.
9 (RLIN) 1864
651 #0 - SUBJECT ADDED ENTRY--GEOGRAPHIC NAME
Geographic name Holy Roman Empire
General subdivision History
Chronological subdivision To 1517.
9 (RLIN) 1865
856 42 - ELECTRONIC LOCATION AND ACCESS
Materials specified Contributor biographical information
Uniform Resource Identifier <a href="http://www.loc.gov/catdir/enhancements/fy0624/2005048483-b.html">http://www.loc.gov/catdir/enhancements/fy0624/2005048483-b.html</a>
856 42 - ELECTRONIC LOCATION AND ACCESS
Materials specified Publisher description
Uniform Resource Identifier <a href="http://www.loc.gov/catdir/enhancements/fy0624/2005048483-d.html">http://www.loc.gov/catdir/enhancements/fy0624/2005048483-d.html</a>
856 41 - ELECTRONIC LOCATION AND ACCESS
Materials specified Sample text
Uniform Resource Identifier <a href="http://www.loc.gov/catdir/enhancements/fy0661/2005048483-s.html">http://www.loc.gov/catdir/enhancements/fy0661/2005048483-s.html</a>
906 ## - LOCAL DATA ELEMENT F, LDF (RLIN)
a 7
b cbc
c orignew
d 1
e ocip
f 20
g y-gencatlg
942 ## - ADDED ENTRY ELEMENTS (KOHA)
Source of classification or shelving scheme Library of Congress Classification
Koha item type Monograph ( Printed materials)
Holdings
Withdrawn status Lost status Source of classification or shelving scheme Damaged status Not for loan Home library Current library Date acquired Total Checkouts Full call number Barcode Date last seen Price effective from Koha item type
    Library of Congress Classification     ARRUPE LIBRARY ARRUPE LIBRARY 01/10/2013   DC73 .W48 2006 46411419 04/12/2017 01/10/2013 Monograph ( Printed materials)

 

Arrupe Library. PO Box MP320 Mt Pleasant, Harare, Zimbabwe
263 242 745411|librarian@aju.ac.zw